Statistics for AFL Key Defender Picture Quiz

Click here to take the quiz!

General Stats

  • This quiz has been taken 35 times
  • The average score is 30 of 62

Answer Stats

Answer% Correct
Darcy Moore
100%
James Sicily
93%
Steven May
90%
Jake Lever
87%
Mac Andrew
80%
Aliir Aliir
77%
Ben McKay
77%
Harris Andrews
77%
Jacob Weitering
77%
Jeremy Howe
73%
Jeremy McGovern
73%
Mitch McGovern
73%
Sam de Koning
70%
Sam Taylor
70%
Alex Pearce
63%
Liam Jones
63%
Callum Wilkie
60%
Nathan Murphy
57%
Tom Barrass
57%
Billy Frampton
53%
Harry Himmelberg
53%
Josh Bruce
53%
Noah Balta
53%
Brandon Zerk-Thatcher
50%
Dane Rampe
47%
Harrison Petty
47%
Lewis Young
47%
Paddy McCartin
47%
Sam Frost
47%
Tom McCartin
47%
Tylar Young
47%
Aaron Francis
43%
Alex Keath
43%
Jack Henry
43%
Jack Payne
43%
Tom Jonas
43%
Esava Ratugolea
40%
Jordan Butts
40%
Sam Collins
40%
Brodie Kemp
37%
Jayden Laverde
37%
Jordan Ridley
37%
Trent McKenzie
37%
Adam Tomlinson
33%
Caleb Marchbank
33%
Griffin Logue
33%
Dougal Howard
30%
Josh Battle
30%
Zaine Cordy
30%
Aidan Corr
27%
Charlie Ballard
27%
Jack Buckley
27%
Joel Hamling
27%
Lewis Melican
27%
Jake Kolodjashnij
23%
James Blanck
23%
Nick Murray
23%
Ryan Gardner
23%
Josh Rotham
20%
Ryan Lester
20%
Josh Worrell
7%
Rhett Bazzo
7%

Score Distribution

Percentile by Number Answered

Percent of People with Each Score

Your Score History

You have not taken this quiz